Wage flexibility and economic performance evidence across industrial countries

Enregistré dans:
Détails bibliographiques
Auteur principal: Kandil, Magda
Format: Livre
Langue:anglais
Publié: Washington International Monetary Fund 2000
Collection:IMF Working Paper WP/00/137
Sujets:
Tags: Ajouter un tag
Pas de tags, Soyez le premier à ajouter un tag!

MARC

LEADER 00000nam a2200000 4500
001 c124384
005 20221221083917.9
041 0 |a eng 
044 |a US 
245 1 0 |a Wage flexibility and economic performance  |b evidence across industrial countries  |c Magda Kandil 
264 1 |a Washington  |b International Monetary Fund  |c 2000 
300 |a 30 s. 
490 1 |a IMF Working Paper  |v WP/00/137 
830 0 |a IMF Working Paper  |v WP/00/137 
610 2 0 |a mzdy 
610 2 0 |a flexibilita 
610 2 0 |a výkony podnikové 
100 1 |a Kandil, Magda